Những điều cần biết trong hoạt động thanh tra, kiểm tra ngành giáo dục - đào tạo

Đã lưu trong:
Sonraí Bibleagrafaíochta
Príomhúdar: Quang Anh
Formáid: Leabhar
Teanga:Undetermined
Foilsithe: H. CTQG 2003
Ábhair:
Clibeanna: Cuir Clib Leis
Gan Chlibeanna, Bí ar an gcéad duine leis an taifead seo a chlibeáil!
Thư viện lưu trữ: Trung tâm Học liệu Trường Đại học Cần Thơ
LEADER 00597nam a2200193Ia 4500
001 CTU_53958
008 210402s9999 xx 000 0 und d
020 |b 245000 
082 |a 353.8 
082 |b Qu106 
100 |a Quang Anh 
245 0 |a Những điều cần biết trong hoạt động thanh tra, kiểm tra ngành giáo dục - đào tạo 
245 0 |c Quang Anh và Hà Đăng 
260 |a H. 
260 |b CTQG 
260 |c 2003 
650 |a education and state,public administration 
904 |i Minh 
980 |a Trung tâm Học liệu Trường Đại học Cần Thơ